कविश्री माला (Record no. 378932)

MARC details
000 -LEADER
fixed length control field 00751nam a2200253Ia 4500
003 - CONTROL NUMBER IDENTIFIER
control field OSt
005 - DATE AND TIME OF LATEST TRANSACTION
control field 20220923225533.0
008 - FIXED-LENGTH DATA ELEMENTS--GENERAL INFORMATION
fixed length control field tam
037 ## - SOURCE OF ACQUISITION
Terms of availability Textual
040 ## - CATALOGING SOURCE
Original cataloging agency ARTS
Transcribing agency ARTS
Language of cataloging tam
041 ## - LANGUAGE CODE
Source of code tam
Language code of text/sound track or separate title tam
245 #0 - TITLE STATEMENT
Title कविश्री माला
Remainder of title तमिल
246 ## - VARYING FORM OF TITLE
Title proper/short title Kavishrī mālā: tamila
260 ## - PUBLICATION, DISTRIBUTION, ETC.
Place of publication, distribution, etc. वर्धा
Name of publisher, distributor, etc. राष्ट्रªªभाषा प्रचार समिति
Date of publication, distribution, etc. 1962
300 ## - PHYSICAL DESCRIPTION
Extent 129पृ0
Dimensions cm.
650 ## - SUBJECT ADDED ENTRY--TOPICAL TERM
Topical term or geographic name entry element तमिल साहित्य
650 ## - SUBJECT ADDED ENTRY--TOPICAL TERM
Topical term or geographic name entry element तमिल कविता
942 ## - ADDED ENTRY ELEMENTS (KOHA)
Classification part O31,1M82x, 152K2
Koha item type Textual
Source of classification or shelving scheme Colon Classification (CC)
Holdings
Withdrawn status Lost status Damaged status Not for loan Home library Current library Date acquired Total Checkouts Full call number Barcode Date last seen Price effective from Koha item type Public note
        Arts Library Arts Library 2022-09-23   O31,1M82x 152K2 AL0201011 2022-09-23 2022-09-23 Textual Translated from Tamil to Hindi
Copyright @ Delhi University Library System